Регионална библиотека "Любен Каравелов" - Русе

Щастливец с баща (Запис номер 328185)

MARC детайли
000 -Лидер
Контролно поле с фиксирана дължина nam a22 a 4500
003 - Код на организацията, давaща контролен номер
Контролно поле BLK
005 - Дата и час на последна редакция
Контролно поле 20201007040535.0
008 - Елементи от данни с фиксирана дължина
fixed length control field 181219b bu ||||| |||| 00| 0 bu d
020 ## - Международен стандартен номер на книга ISBN
Международен стандартен номер на книга ISBN 9789549621716
040 ## - Източник на каталожния запис
Идентификатор на билиотеката - собственик на записа BLK
041 ## - Код за език
Код за езика на текст/звукозапис или на отделно заглавие Български
Код за езика КДБФ Български
080 ## - УДК
Текстов определител УДК Немска литература
УДК код - определител по УДК 821.112.2
УДК определител -31
УДК - код + определител 821.112.2-31
100 ## - Редна дума - Автор
Автор Хайн, Кристоф
Авторска отговорност първи автор
R(LIN) 1299
139 ## - Редно поле
Редна дума Хайн, Кристоф
Авторски знак Хаин - Х 21
245 ## - Сведения за заглавието
Заглавие Щастливец с баща
Редно поле (дума) Кристоф Хайн
257 ## - Страна на издаване
Страна на създаване/издаване Германия
260 ## - Област на издателските данни
9 (RLIN) 210129
Място на издаване, разпространение и проч. София
Име на издателя, разпространителя и проч. Атлантис
Година на издаване 2018
300 ## - Физическа характеристика
Страници 407 с.
Размери/Мащаб 21 см
380 ## - Жанр
Жанр Худож. лит.
700 ## - Други автори (авторска отговорност)
9 (RLIN) 368762
Лично име Илиев, Любомир
Автороска отговорност (Описва отношението между автора и произведението) прев.
852 ## - Местоположение
Систематично-азбучна сигнатура П 830-31/Х 21
999 ## - СИСТЕМНИ КОНТРОЛНИ НОМЕРА
Koha biblionumber 328185
Koha biblioitemnumber 328185
942 ## - АРТИКУЛИ
Вид на библиотечния материал Книги
Скрит в OPAC Не
Koha issues (borrowed), all copies 9
Наличности
Код за отписване Код за изгубен артикул Източник на класификационната схема Код за повреда Коз за рестрикции Код за отдаване Артикулен № Име на библиотеката - собственик Име на библиотеката, в която се намира в момента Статус (Текущо местоположение) Дата на вписване в системата Местоположение - отдел Цена в лева Систематично азбучна сигнатура Баркод Цена в евро Служебен тип на артикула
  Не е изгубен Universal Decimal Classification Не е повреден без рестрикции заемане за дома 688063 Регионална библиотека "Любен Каравелов" Русе Регионална библиотека "Любен Каравелов" Русе Заемна - подръчен фонд 2019-01-02 Заемна - подръчен фонд 22.00 П 830-31/Х 21 120000828814 11.25 Книги
  Не е изгубен Universal Decimal Classification Не е повреден   ползва се в читалня 731504 Регионална библиотека "Любен Каравелов" Русе Регионална библиотека "Любен Каравелов" Русе Хранилище 2019-08-02 Хранилище 22.00 Цб 296164 120000835053 11.25 Книги
Vip Innovations Ltd, Rousse, Bulgaria 2025